Diseño de reactores homogeneos /

Guardado en:
Autor Corporativo: Universidad Nacional del Litoral. Facultad de Ingeniería Química.
Formato: Libro
Idioma:Spanish
Publicado: Santa Fe : UNL, 1964.
Materias:
Etiquetas: Agregar Etiqueta
Sin Etiquetas, Sea el primero en etiquetar este registro!
LEADER 00734nam a22001935a 4500
001 EIQ.libpla002717
008 070726s1964####ag#a##########000#0#spa#d
005 20070726181021.0
245 1 0 |a Diseño de reactores homogeneos /  |c Universidad Nacional del Litoral, Facultad de Ingeniería Química. 
260 |a Santa Fe :  |b UNL,  |c 1964. 
300 |a ix, 144 p. :  |b il. ;  |c 28 cm. 
500 |a Datos tomados de la cubierta. 
710 2 |a Universidad Nacional del Litoral.  |b Facultad de Ingeniería Química. 
650 4 |a Reactores  |x Procesos unitarios. 
650 4 |a Reactores  |x Diseño. 
650 4 |a Reactors  |x Unitary processes. 
650 4 |a Reactors  |x Design. 
040 |a AR-BbSID  |b spa  |c AR-BbSID 
859 |a AR-BbSID  |b BIB. PLAPIQUI  |h 660.299  |i Un 3  |p 1083